000 00684cam a22002293a 4500
001 23987
003 PGUSA
005 20140828083519.0
008 071223s2007||||xxu|||||s|||||000 1 eng d
040 _aPGUSA
_beng
042 _adc
050 4 _aPZ
100 1 _aThurston, I. T.
_q(Ida Treadwell),
_d1848-1918
245 1 4 _aThe Torch Bearer :
_bA Camp Fire Girls' Story
_h[electronic resource] /
_cI. T. Thurston
260 _bProject Gutenberg,
_c2007
506 _aPublic domain in the USA.
516 _aElectronic text
653 _aCamp Fire Girls -- Juvenile fiction
830 0 _aProject Gutenberg
_v23987
856 4 0 _uhttp://www.gutenberg.org/ebooks/23987
942 _cEB
999 _c253242
_d253242